| 000 | 00792nam a2200241 i 4500 | ||
|---|---|---|---|
| 001 | 144007 | ||
| 003 | ES-MaACL | ||
| 005 | 20230906200926.0 | ||
| 007 | t| | ||
| 008 | 070214m19681969sp r ||||1| spa d | ||
| 100 | 1 |
_aShippen, J. M. _9106134 |
|
| 245 | 1 | 0 |
_aMaquinaria agrícola básica / _cJ. M. Shippen, J. C. Turner ; traducción de Antonio Pino Delgado. |
| 260 |
_aZaragoza : _bAcribia, _c1968-1969. |
||
| 300 |
_a2 v. : _bil. ; _c20 cm. |
||
| 490 | 1 | _aManuales de Técnica Agropecuaria | |
| 500 | _aSon los tomos 1º y 2º. | ||
| 650 | 0 | 4 |
_aMáquinas agrícolas. _914764 |
| 700 | 1 |
_aTurner, J. C. _9111731 |
|
| 700 | 1 |
_aPino Delgado, Antonio. _992176 |
|
| 830 | 0 |
_aManuales de Técnica Agropecuaria _9183378 |
|
| 852 |
_aES-MaACL _jP-1328 _bR.66502 |
||
| 999 |
_c144007 _d144007 |
||